| 000 | 00864nas a2200277 4500 | ||
|---|---|---|---|
| 001 | BR0704038 | ||
| 003 | BR-BrBNA | ||
| 005 | 20231205111052.0 | ||
| 007 | ta | ||
| 008 | 230509b bl.|||p| |||| 00| 00por d | ||
| 040 |
_aBR-BrBNA _bpor _cBiblioteca Nacional de Agricultura |
||
| 041 | _a(Pt) | ||
| 072 | _aH10 | ||
| 100 | 1 | _aGarcia, M.V.B. | |
| 100 | 1 | _aPamplona, A.M.S.R. | |
| 100 | 1 | _aMoraes, L.A.C. | |
| 100 | 1 | _aAraujo, J.C.A. de | |
| 245 | 1 | _aObservações sobre biologia de Spaethiella tristis (Boh.)(Coleoptera: Chrysomelidae)e danos causados ao dendezeiro | |
| 650 | _aDENDE | ||
| 650 | _aAMAZÔNIA | ||
| 650 | _aBIOLOGIA | ||
| 650 | _aINSETO | ||
| 773 | 0 |
_tAnais da Sociedade Entomológica do Brasil (Brazil) _xISSN 0301-8059 _g(Aug 1996), v. 25(2) p. 339-342 _wBR0704038 |
|
| 909 |
_a202311 _bLúcia _c55 _dLúcia Elande |
||
| 942 |
_2AGRIS _n0 _cANA |
||
| 999 |
_c190458 _d190458 |
||